[Event "Capablanca Memorial Elite 47th"]
[Site "Havana"]
[Date "2012.05.14"]
[Round "10"]
[White "Dominguez Perez, Leinier"]
[Black "Nepomniachtchi, Ian"]
[Result "1-0"]
[WhiteElo "2725"]
[BlackElo "2716"]
[Annotator "Let's Check"]
[PlyCount "107"]
[EventDate "2012.05.03"]
[EventType "tourn"]
[EventRounds "10"]
[EventCountry "CUB"]
[EventCategory "18"]
[SourceTitle "CBM 149"]
[Source "ChessBase"]
[SourceDate "2012.07.17"]
[SourceVersion "1"]
[SourceVersionDate "2012.07.17"]
[SourceQuality "1"]

1. e4 c5 2. Nf3 e6 3. d4 cxd4 4. Nxd4 Nc6 5. Nc3 Qc7 6. Be3 a6 7. Qd2 Nf6 8.
O-O-O b5 9. Nxc6 Qxc6 10. f3 Bb7 11. Bd3 b4 12. Ne2 h5 13. Kb1 Qc7 14. Rhe1 Be7
15. Bf4 Qb6 16. Bg5 Bc5 17. Bc4 Qc7 18. Nd4 Nh7 $6 (18... Rc8 19. Bb3 Nh7 $16)
19. Bf4 (19. Nb3 O-O 20. Bf4 $18) 19... e5 $16 20. Nb3 Rd8 21. Bxe5 $5 Qxe5 22.
Bd5 Be7 23. Bxb7 Qxh2 24. Rh1 Qc7 25. Rxh5 g6 26. Rh3 $6 (26. Qd4 Bf6 27. Qc5
$18) 26... Qxb7 $16 27. Rdh1 Bf6 (27... d6 28. Rxh7 Rxh7 $18) 28. Rxh7 $6 (28.
e5 Bg5 29. Qd4 $18) 28... Rxh7 $16 29. Rxh7 d5 30. e5 $1 Bxe5 31. Nc5 Qe7 32.
Nd3 Bd6 33. Rh1 Kd7 34. Re1 Qh4 35. Qe3 d4 36. Qe2 Kc6 37. Ne5+ Bxe5 38. Qxa6+
Kc7 39. Qa5+ Kc6 40. Qa6+ Kc7 41. Qa5+ Kc6 42. Qxe5 Rd7 43. Qe2 Kb6 44. Qd2 d3
45. Qe3+ Ka6 46. cxd3 Qd8 47. Qc5 (47. Qe4 Rxd3 48. Qc4+ $18) 47... Rxd3 48.
Qc4+ Ka7 49. Qxf7+ Rd7 50. Rd1 Rxf7 51. Rxd8 Re7 52. Kc2 Re2+ 53. Rd2 Re3 54.
Rd7+ 1-0

[Event "EU-ch 12th"]
[Site "Aix les Bains"]
[Date "2011.03.31"]
[Round "9"]
[White "Edouard, Romain"]
[Black "Roser, Kevin"]
[Result "1/2-1/2"]
[WhiteElo "2600"]
[BlackElo "2423"]
[Annotator "Marchand,A/Primel,D"]
[PlyCount "145"]
[EventDate "2011.03.22"]
[EventType "swiss"]
[EventRounds "11"]
[EventCountry "FRA"]
[SourceTitle "CBM 142 Extra"]
[Source "ChessBase"]
[SourceDate "2011.06.27"]
[SourceVersion "1"]
[SourceVersionDate "2011.06.27"]
[SourceQuality "1"]
[TimeControl "40/5400+30:1800+30"]

1. e4 c5 {A,MARCHAND: Kevin a neutralisé le GMI Romain EDOUARD avec les noirs
et réalisé ainsi un excellent résultat en prenant un précieux 1/2 point contre
un 2600 ! Et même d'après Pierre RALLE présent lors de la finale, Kevin avait
une meilleure position dans une finale de Tours mais n'a pu concrétiser.} 2.
Nf3 Nc6 3. d4 cxd4 4. Nxd4 e6 5. Nc3 Qc7 6. Be3 a6 7. Qd2 {Préparant l'attaque
anglaise} Nf6 8. O-O-O Bb4 (8... Be7) 9. f3 Ne5 {[%cal Ge5c4]} (9... O-O 10. g4
$14 b5 11. g5 Ne8 12. Nxc6 dxc6 13. h4 e5 14. h5 {Motylev,A (2676)-Arsovic,Z 
(2475) EU-ch 10th Budva 2009 (6) 1-0} (14. a3 Be7 15. g6 {Pavlovic})) 10. Nb3
b5 (10... d5 {Risqué} 11. Bd4 O-O 12. Kb1 $14) 11. Kb1 (11. Qe1 {La grande
ligne} Be7 12. f4 Nc4 (12... Ng6 13. e5 Ng4 14. Ne4 O-O 15. Bc5 Bb7 16. h3 Nh6
17. Bxe7 Nxe7 18. Bd3 Nd5) 13. e5 {Ter Sahakyan,S (2575)-Potkin,V (2653) EU-ch
12th Aix-les-Bains 2011 (4) 0-1}) 11... Nc4 {Les Noirs obtiennent un bon
contre-jeu après l'ouverture de la colonne "b"} 12. Bxc4 bxc4 13. Nc1 Rb8 {
[%csl Rb2,Gb8]} 14. N1e2 O-O 15. Bf4 e5 16. Bg5 Ne8 (16... Qb6 $11 {[%cal
Gb6f6,Gb6b2]}) 17. h4 $146 (17. Qe1 Ba3 18. b3 f6 19. Bc1 Bc5 20. Nd5 Qa7 21.
Nec3 Nc7 22. Nxc7 Qxc7 23. Nd5 Qa7 24. Be3 a5 25. Qc3 Bxe3 26. Qxe3 Qxe3 27.
Nxe3 cxb3 28. cxb3 a4 29. Kb2 axb3 30. axb3 g6 31. g4 Kf7 {Stojanovic,D (2469)
-Krstic,P (2205)/Belgrade 2006/1-0 (39)}) ({RR} 17. Ka1 d6 18. a3 a5 $1 19.
axb4 axb4 20. Na2 Be6 21. Nxb4 Ra8+ 22. Kb1 Qa5 23. c3 Qa1+ 24. Kc2 Qa4+ 25.
Kc1 Qa1+ {1/2-1/2 Kritz,L (2597)-Schlosser,P (2554)/Germany 2006}) 17... Qa5
18. h5 f6 19. Be3 Nc7 $1 {[%csl Gd5][%cal Gc7b5]} 20. h6 g6 21. Ka1 d6 (21...
Nb5 22. Qd5+) 22. Qc1 Be6 23. Bd2 Rfd8 24. a3 Nb5 $1 (24... d5 25. Nxd5 Nxd5
26. exd5 Bxd2 27. Rxd2 Bxd5 28. Nc3 Bc6 $11) 25. Nd5 Bxd2 26. Rxd2 Bxd5 27.
Rxd5 Qb6 (27... Qa4 28. Rhd1 c3 $1) 28. Rhd1 Qf2 29. R5d2 Qe3 30. c3 Rb6 31.
Rc2 Qxc1+ (31... Qc5 {[%csl Rc2]}) 32. Rcxc1 Kf7 33. Ng3 Nc7 (33... Ke6) 34.
Nf1 Ke6 $11 {Romain doit se méfier car son K est trés mal placé dans la finale
et les Noirs ont au minimum l'égalité.} 35. Ne3 Rc6 36. g3 f5 $1 37. exf5+ gxf5
38. f4 Rg8 $1 (38... e4 {[%csl Ge4]}) 39. fxe5 dxe5 40. Rf1 Rg5 (40... Rf8 $5)
41. Rcd1 Ne8 42. Rd8 Nd6 43. Rd1 Rg6 44. a4 Nf7 45. Re8+ Kf6 46. Nxf5 $1 {
Une " petite combinaison" qui sauve les Blancs} Kxf5 47. Rf1+ Ke4 48. Rf4+ Kd5
(48... Kd3 49. Rxf7 {[%csl Rh7]}) 49. Rxf7 Rxh6 50. Rfe7 $11 Rh5 51. g4 Rg5 52.
Rxh7 Rxg4 53. Rd7+ Rd6 54. Rxd6+ Kxd6 55. Ra8 e4 56. Rxa6+ Ke5 57. Ra8 e3 58.
Kb1 Ke4 59. Kc2 Rg2+ 60. Kd1 Rxb2 61. a5 Kd3 62. Rd8+ Kxc3 63. Re8 Rd2+ 64. Ke1
Kd3 65. Rd8+ Kc2 66. Rc8 c3 67. a6 Kd3 68. a7 c2 69. Rd8+ Kc3 70. Rc8+ Kd3 71.
Rd8+ Kc4 72. Rc8+ Kd3 73. Rd8+ 1/2-1/2

[Event "WchT 8th"]
[Site "Ningbo"]
[Date "2011.07.25"]
[Round "8.2"]
[White "Gashimov, Vugar"]
[Black "Movsesian, Sergei"]
[Result "1/2-1/2"]
[WhiteElo "2760"]
[BlackElo "2700"]
[Annotator "Marin,M"]
[PlyCount "61"]
[EventDate "2011.07.17"]
[EventType "team-tourn"]
[EventRounds "9"]
[EventCountry "CHN"]
[SourceTitle "CBM 144"]
[Source "ChessBase"]
[SourceDate "2011.09.16"]
[SourceVersion "1"]
[SourceVersionDate "2011.09.16"]
[SourceQuality "1"]
[WhiteTeam "Azerbaijan"]
[BlackTeam "Armenia"]
[WhiteTeamCountry "AZE"]
[BlackTeamCountry "ARM"]

1. e4 c5 2. Nc3 e6 3. Nf3 Nc6 4. d4 cxd4 5. Nxd4 Qc7 6. Be3 a6 7. Qd2 Nf6 8.
O-O-O Be7 9. f3 O-O 10. g4 b5 11. g5 Nh5 12. Rg1 (12. Nce2 {is the main line,
see the extensive notes of the winner of Agopov,M (2419)-Fier,A (2588)/Khanty
Mansiysk 2010/CBM 139/[Fier,A] (0-1, 36)}) 12... Nxd4 $146 (12... Rd8 13. Qf2
Nxd4 14. Bxd4 {Rasik,V (2502)-Luch,M (2387)/Czech Rep 2011/ (1-0, 38)}) 13.
Qxd4 Rd8 14. Ne2 Bb7 15. Qb6 Qb8 16. Ng3 Nxg3 17. hxg3 d5 {This freeing move
is played without the loss of a tempo (...d7-d6-d5) and before White's attack
has even started.} 18. exd5 Rxd5 19. Rxd5 Bxd5 20. f4 Qxb6 21. Bxb6 Rc8 22. a3
f6 23. gxf6 Bxf6 24. Be3 h5 25. Be2 g6 26. Rd1 Kf7 27. c3 Rh8 28. Rg1 Rd8 29.
Rd1 Rh8 30. Rg1 Rd8 31. Rd1 1/2-1/2

[Event "World Women-ch k.o."]
[Site "Antakya"]
[Date "2010.12.04"]
[Round "1.1"]
[White "Dembo, Yelena"]
[Black "Munguntuul, Batkhuyag"]
[Result "1/2-1/2"]
[WhiteElo "2454"]
[BlackElo "2409"]
[Annotator "Marin,M"]
[PlyCount "116"]
[EventDate "2010.12.04"]
[EventType "k.o."]
[EventRounds "6"]
[EventCountry "TUR"]
[SourceTitle "CBM 140"]
[Source "ChessBase"]
[SourceDate "2011.01.18"]
[SourceVersion "1"]
[SourceVersionDate "2011.01.18"]
[SourceQuality "1"]

1. e4 c5 2. Nf3 e6 3. Nc3 Nc6 4. d4 cxd4 5. Nxd4 Qc7 6. Be3 a6 7. Be2 Nf6 8. a3
$5 {At this stage of the game, this move may seem like a loss of time, but a
transposition to normal Scheveningen lines is possible, as revealed below.} b5
(8... Be7 9. f4 {Forcing Black into defining her intentions regarding the
d-pawn at once.} d5 $1 {The critical move, in the true spirit of the Paulsen
variation.} ({The aforementioned transposition occurred in Antakya after} 9...
d6 10. O-O O-O 11. Qe1 Nxd4 12. Bxd4 b5 13. Qg3 {Kosteniuk,A (2507)
-Khukhashvili,S (2430)/Antakya 2010 (1-0, 28)}) 10. e5 (10. exd5 {also leads
to structures that are typical of the French Defence:} Nxd5 11. Nxd5 exd5 12.
O-O O-O 13. c3 Re8 14. Qd3 Bd7 15. Bf3 Bf6 16. Rf2 Rad8 17. Rd1 Na5 $11 {
with reasonable play for Black, Inarkiev,E (2568)-Tregubov,P (2632)/Istanbul
2003/CBM 096 (1-0, 66)}) 10... Nd7 $5 $146 ({For some reason, Black deviates
from} 10... Ne4 11. Nxe4 dxe4 {, which leads to a structure ressembling
certain Scheveningen setups, Bindrich,O (2195)-Melamed,T (2302)/Leutersdorf
2005/CBM 104 ext (0-1, 57). Maybe she was right in doing so, because the text
move offers Black a comfortable form of the French defence, while the position
with a pawn on e4 may create unnecessary problems.}) 11. O-O O-O 12. Kh1 b5 13.
Bd3 Nc5 14. Nce2 Nxd4 15. Nxd4 f5 16. exf6 Bxf6 17. Qd2 Bd7 18. Rae1 Nxd3 19.
cxd3 e5 20. fxe5 Bxe5 {With active play for Black, Dembo,Y (2454)-Munguntuul,B
(2409)/Antakya 2010 (1/2, 55)}) 9. Nxc6 $1 {The most active answer.} dxc6 (9...
Qxc6 $2 {leads to disaster:} 10. e5 Nd5 11. Nxd5 Qxd5 $6 (11... exd5 12. Qd4
$16) 12. Qxd5 exd5 13. O-O-O Bb7 14. Bf3 $18 {Socko,B (2631)-Berend,F (2345)/
Beijing 2008/CBM 126 Extra (1-0, 33)}) 10. f4 e5 $6 {Black does not look
prepared for this ambitious reaction in the centre.} ({Possibly, she should
prefer} 10... Bb7 {which has been played many times, although the dangers after
} 11. e5 Rd8 12. Qc1 {as in Shirov,A (2670)-Lautier,J (2645)/Munich 1993/CBM
036 (1-0, 75) should not be neglected.}) 11. fxe5 Qxe5 12. Bd4 {With the
inevitable e4-e5 hanging over her head, Black is in danger.} Qe6 {Relatively
safest.} (12... Qc7 13. e5 Nd5 (13... Nd7 14. e6 fxe6 15. Bh5+ $40 {[%csl Gh8]}
) 14. Nxd5 cxd5 15. O-O Be6 16. c3 Bc5 17. Qd2 $14 {Puc,S-Sofrevski,J/
Ljubljana 1960/MCD (1-0, 51)}) (12... Qf4 13. Bf3 (13. e5 {is quite promising,
too:} Ng4 14. Bf3 Nxe5 15. Qe2 Qxd4 16. Bxc6+ Bd7 17. Bxa8 Bc5 {Black seems to
have good compensation for the exchange, because the enemy king is stuck in
the centre.} 18. Be4 $1 {This move, cutting the queen's access to h4, creates
the strong threat of Rd1, making the exchange of queens hard to avoid.} Bg4 19.
Qd2 Nc4 20. Qxd4 Bxd4 21. h3 Nxb2 22. Nxb5 axb5 23. hxg4 Nd3+ 24. Bxd3 Bxa1 25.
Bxb5+ Ke7 26. c4 $16 {The presence of opposite coloured bishops does not
guarantee a draw with rooks on the board.}) 13... c5 {Otherwise e4-e5.} 14.
Bxf6 Qxf6 15. e5 Qxe5+ 16. Kf2 Qf5 17. Re1+ Be6 18. Kg1 Rc8 (18... Rd8 19. Bc6+
Ke7 20. Nd5+ $18) 19. Bb7 Rc7 20. Bxa6 Be7 21. Bxb5+ $18 {Hirneise,T (2324)
-Strohhaeker,R (2393)/Neuhausen 2008/CBM 124 Extra (1-0, 38)}) 13. e5 Ng4 {
Black has achieved temporary stability and will be able to complete her
development, but the knight has got on to an unfavourable path.} (13... Nd7 $6
{looks more solid, but has the drawback of shutting off the c8-bishop, making
Bg4 a latent threat.} 14. O-O $1 (14. Bg4 $6 f5 $1 $11) 14... Bc5 (14... Be7 $6
15. Bg4 $40) (14... Nxe5 $2 15. Bh5 g6 16. Bxe5 Bc5+ 17. Kh1 O-O 18. Bf6 gxh5
19. Qxh5 $18) 15. Bg4 Qe7 16. e6 $16) 14. O-O ({It is possible to prepare a
plan based on long castling:} 14. Bf3 $5 Nxe5 {This looks like the critical
line, but White has sufficient resources to maintain some initiative.} (14...
Be7 15. Qe2 O-O 16. O-O-O Rb8 17. h3 Nh6 18. g4 $1 {This is one of the
benefits of having castled long. With the king on g1, the last move, which
restricts the knight, would have been less appealing. True, Black may get some
counterchances based on ...b4 at some point.} c5 19. Be3 Bb7 20. Nd5 $1 {
Once again, this move is made possible by queenside castling, because the
d5-square is well defended.} Qxe5 21. Nxe7+ Qxe7 22. Rhe1 $16 {White has a
strong initiative. The miserably placed knight is a more important factor than
the extra pawn.}) 15. O-O Bd6 16. Re1 O-O 17. Bxc6 Rb8 ({The sacrifice} 17...
Nxc6 18. Rxe6 Bxe6 {extinguishes White's initiative, but the long term
compensation for the queen should not suffice, because pawns are just equal.})
18. Bd5 Qe7 19. Ne4 $36 {White is better developed and well centralised, while
the enemy pieces are vulnerable.}) 14... Be7 ({We know already that} 14... Nxe5
$2 {loses to} 15. Bh5) 15. Bf3 O-O 16. Qe2 Rb8 {A draw was prematurely agreed
in this position in the game Adamski,J-Brzozka,S/Rzeszow 1966/EXT 2001.} 17. h3
{We can call this a novelty, I guess.} Nh6 18. Be4 $14 {White has a space
advantage and superior development, while the h6-knight remains passive.} c5
19. Be3 $6 ({It would have been better to keep the e-file open for the queen
with} 19. Bf2 {, for instance} Bb7 20. Bxb7 Rxb7 21. Rad1 {Completing the
development is possible precisely because the e5-pawn is defended.} c4 22. Qe4
$14 {Another move made possible by Bf2. White retains the space advantage and
stability in the centre.}) 19... Bb7 20. Bxb7 Rxb7 21. Qh5 {[%csl Ge5]} Rb6 $6
{Overdefending the knight, but neglecting other, more important, factors.} ({
It would have been essential to occupy the only open file, overprotectding the
d5-square at the same time.} 21... Rd7 22. Bxh6 {This is less strong than it
seems.} (22. Rf3 Qg6 $11) 22... Qxh6 23. Qxh6 gxh6 24. Rad1 Rfd8 25. Rxd7 Rxd7
26. Rd1 Rxd1+ 27. Nxd1 Bg5 {Suddenly, the white pawns are vulnerable.} 28. Kf2
f5 $1 (28... Bf4 29. Kf3 Bxe5 30. Ke4 $36) 29. exf6 Kf7 {The higher activity
of the bishop if compared to the knight at least compensates for the minor
structural defect.}) 22. Rad1 Rc6 23. Nd5 Bd8 24. Rd2 $16 {White's domination
has become obvious.} Qe8 25. Rfd1 (25. b4 $5 {[%csl Gc5]} cxb4 26. axb4 f5 27.
Qe2 Re6 (27... Qxe5 28. Bc5 $16 {wins an exchange, since} Re8 $2 {elegantly
loses to} 29. Ne7+ $1 Rxe7 30. Rxd8+ Kf7 31. Qh5+ Rg6 32. Bxe7 $18) 28. Bd4 $14
) 25... f5 26. Qxe8 (26. Qe2 Qxe5) 26... Rxe8 27. Nb4 Rc8 28. Nxa6 Nf7 29. Nxc5
$16 Bb6 (29... Nxe5 30. Nb7 $16) 30. b4 $6 (30. e6 $1 Ne5 31. Rd5 Nc4 32. Bd4
Nxb2 33. Rb1 Na4 34. Nxa4 Bxd4+ 35. Rxd4 bxa4 36. Rb6 Rxc2 37. Rxa4 Re2 38.
Raa6 $16) 30... Nxe5 31. Bf2 Nc4 32. Rd7 Nxa3 33. Rb7 Rb8 34. Rdd7 Rxb7 35.
Rxb7 {White retains some initiative still.} Bd8 36. Bd4 (36. c3 Bg5 (36... Bf6
37. Bd4 Bxd4+ 38. cxd4) 37. Bd4 Re7 $11) 36... Bf6 $2 {Unnecessarily spoiling
her structure.} (36... Re7 37. Rb8 Re1+ 38. Kf2 (38. Kh2 Re8 {[%cal Gd8c7]})
38... Re8 {[%cal Gd8h4,Ga3c2]} 39. Rb7 Re7 $11) 37. Bxf6 gxf6 38. Kf2 Rd8 39.
Nd7 $6 {Allowing the activation of the king.} (39. c3 $1 $16) 39... Kf7 $1 40.
Ne5+ Ke6 41. Nf3 h5 (41... Rc8 $1 $11) 42. c3 Rd3 43. Nd4+ Kd5 44. Ne2 Kd6 45.
Rh7 Nc4 46. Rxh5 {White has managed to win a pawn, but Black's centralisation
offers good chances for a draw.} Ke5 47. Rh7 (47. g4 Nd6 $44) 47... Nd2 48. Rb7
Ne4+ 49. Ke1 Nxc3 50. Nxc3 Rxc3 51. Rxb5+ Ke4 52. Rb6 Rc2 53. Kf1 Rb2 54. b5
Kf4 55. Rb8 Rb1+ 56. Kf2 Rb2+ 57. Kf1 (57. Kg1 Kg3 $11) 57... Rb1+ 58. Ke2 Rb2+
1/2-1/2

[Event "Olympiad-41"]
[Site "Tromsoe"]
[Date "2014.08.14"]
[Round "11.2"]
[White "Leon Hoyos, Manuel"]
[Black "Perunovic, Milos"]
[Result "0-1"]
[WhiteElo "2517"]
[BlackElo "2602"]
[Annotator "Marjanovic,S"]
[PlyCount "86"]
[EventDate "2014.08.02"]
[EventType "team-swiss"]
[EventRounds "11"]
[EventCountry "NOR"]
[SourceTitle "CBM 162"]
[Source "ChessBase"]
[SourceDate "2014.09.17"]
[SourceVersion "1"]
[SourceVersionDate "2014.09.17"]
[SourceQuality "1"]
[WhiteTeam "Mexico"]
[BlackTeam "Serbia"]
[WhiteTeamCountry "MEX"]
[BlackTeamCountry "SRB"]

1. e4 c5 2. Nf3 e6 3. d4 cxd4 4. Nxd4 Nc6 5. Nc3 Qc7 6. Be3 a6 7. Qd2 Nf6 8. f4
{A new attempt in a well known position. In hundreds of games 8.f3 has been
played or the immediate 8.0-0-0.} Bb4 ({The alternative is} 8... b5) 9. Bd3 O-O
(9... b5 {has been played more often}) ({or} 9... d5) ({while} 9... Na5 {
has become the safest way to get a draw} 10. a3 Bxc3 11. Qxc3 Qxc3+ 12. bxc3 d5
13. e5 Ne4 14. Nb3 Nc4 15. Bxc4 dxc4 16. Na5 Bd7 17. Bd4 Rc8 18. Nxb7 (18.
O-O-O b6 19. Rhe1 bxa5 20. Rxe4 Bc6 21. Re2 Bd5 $11 {1/2-1/2 (47) Shirov,A 
(2702)-Movsesian,S (2670) Loo 2014}) 18... Bc6 19. Na5 Bd5 20. Rb1 Kd7 21. Ke2
f5 22. Rb6 g5 23. fxg5 Rhg8 $44 {And Black has compensation 0-1 (49) Volokitin,
A (2683)-Giri,A (2749) Germany 2014}) 10. a3 Be7 $5 $146 {An interesting
novelty.} ({After} 10... Bxc3 11. Qxc3 {White has a slight advantage because
he has the bishop pair.} Ng4 12. Bd2 e5 13. Nxc6 dxc6 14. h3 Nf6 15. fxe5 Nd7
16. Bf4 Re8 17. Bc4 Nxe5 18. Rf1 Kh8 19. O-O-O f6 20. Bxe5 Qxe5 21. Qxe5 fxe5
22. Rf7 b5 23. Re7 $16 {White has the upper hand} Rf8 (23... Bg4) 24. Ba2 c5
25. Rf7 Re8 26. Rdf1 g6 27. Rf8+ Rxf8 28. Rxf8+ Kg7 29. Rg8+ Kf6 30. Bd5 Rb8
31. Re8 Kg5 32. g3 h5 33. Rxe5+ {1-0 (33) Solak,D (2610)-Navara,D (2700)
Yerevan 2014}) 11. e5 (11. h3) (11. O-O-O) 11... Ng4 12. Bg1 f5 (12... f6 {
is worth considering}) 13. O-O-O (13. Nxf5 $5 {is an interesting sacrifice}
exf5 14. Nd5 Qb8 $13 {and the position is unclear.}) 13... b5 14. h3 Nh6 15. g4
(15. Be3) (15. Kb1) 15... Bb7 16. Rh2 b4 17. axb4 Bxb4 18. Kb1 ({After} 18.
Nde2 Ne7 $13 {the position is unclear.}) 18... Rab8 (18... Ne7) 19. Nde2 Ne7
20. gxf5 $2 ({After} 20. Nb5 $1 Qa5 21. c3 Bd5 22. cxb4 Qa2+ 23. Kc1 Qa1+ 24.
Kc2 Qa4+ $11 {Black has a repetition of moves.}) 20... Bf3 $1 {A very strong
intermediate move.} 21. Bd4 $2 {The last mistake.} ({Black is better after} 21.
fxe6 dxe6 22. Qe3 Bxc3 23. Nxc3 Bxd1 24. Nxd1 Nd5 $17) ({or after} 21. f6 Bxe2
22. Nb5 Bxd2 23. Nxc7 Bc3 24. Nb5 Bxd1 25. Nxc3 gxf6 26. Nxd1 Ng6 $17) ({
also after} 21. Nb5 Rxb5 22. c3 Bc5 23. f6 gxf6 24. exf6 Rxf6 25. Bxb5 axb5 26.
Qxd7 Be4+ 27. Kc1 Qxd7 28. Rxd7 Bxg1 29. Nxg1 Nd5 $17) 21... Nhxf5 $19 {
Black has a decisive advantage.} 22. Bxf5 Nxf5 23. Kc1 (23. Qd3 Nxd4 24. Qxd4
Bxc3) 23... Qa5 24. Qd3 Nxd4 25. Qxd4 Qa1+ 26. Nb1 (26. Kd2 Qxb2 27. Ke3 Bxc3)
26... Ba3 ({Even stronger was} 26... Bc5 $1 27. Qxc5 (27. Qc3 Rxb2) (27. Qd3
Bxe2 28. Rxe2 Qxb2+ 29. Kd2 Rxf4) 27... Qxb2+ 28. Kd2 Rfc8) 27. Kd2 Bxb2 28.
Qe3 Bh5 (28... Bxe2 29. Kxe2 Qa4) 29. Ke1 Qa5+ (29... Bxe2) 30. c3 Bg6 31. Nd2
Rbc8 (31... Qc7) 32. Ne4 Bxe4 (32... Rc4 33. Nd6 Bxc3+) 33. Qxe4 Bxc3+ 34. Kf1
Qxe5 35. Qf3 Qb5 36. Kg1 Bf6 37. Rg2 Rc2 (37... a5) 38. Kh1 Rb2 39. Rdg1 Rb3
40. Qg4 h5 41. Qg6 Rxh3+ 42. Rh2 Rxh2+ 43. Kxh2 Qxe2+ 0-1

[Event "Budapest Hunguest Hotels"]
[Site "Budapest"]
[Date "2003.04.11"]
[Round "1"]
[White "Short, Nigel D"]
[Black "Lutz, Christopher"]
[Result "1-0"]
[WhiteElo "2686"]
[BlackElo "2640"]
[Annotator "McShane,L"]
[PlyCount "91"]
[EventDate "2003.04.11"]
[EventType "tourn"]
[EventRounds "9"]
[EventCountry "HUN"]
[EventCategory "17"]
[SourceTitle "CBM 095"]
[Source "ChessBase"]
[SourceDate "2003.07.25"]
[SourceVersion "1"]
[SourceVersionDate "2003.07.25"]
[SourceQuality "1"]

1. e4 c5 2. Nf3 e6 3. d4 cxd4 4. Nxd4 Nc6 5. Nc3 Qc7 6. Be3 a6 7. Qd2 b5 8. f3
Nxd4 9. Bxd4 Ne7 10. O-O-O Nc6 11. Be3 Be7 12. h4 O-O 13. Kb1 Rb8 14. h5 b4 {
The traditional attacks on opposite sides are now interrupted by a typical
sacrifice.} 15. Nd5 $1 exd5 16. exd5 b3 $5 (16... Bf6 17. dxc6 dxc6 18. Bf4 Be5
19. Bxe5 Qxe5 20. h6 g6 21. Bc4 {leaves White with a big initiative on the
central files.}) 17. cxb3 Nb4 18. d6 {After a string of tactics, Black saves
the piece at the cost of a third pawn.} (18. a3 $142) 18... Qa5 19. a3 Qf5+ 20.
Ka1 Nc2+ 21. Ka2 Bf6 $1 (21... Bxd6 $2 22. Qxd6 Nxe3 23. Bd3 {and White picks
up the rook on b8.}) 22. Ba7 (22. Bd3 Qe5 $1 {threatening mate on b2 and the
bishop on e3, saves the piece.}) 22... Ra8 23. Bd3 Qe5 24. Qxc2 Rxa7 25. Rhe1
Qg5 (25... Qxh5 $2 26. Rh1 $1 {is the point.}) 26. Bxh7+ Kh8 27. Be4 Bb7 28. g4
{White has three pawns compensation for the bishop, but most importantly, the
d6 pawn is a powerful wedge which discoordinates Black's pieces. White has the
simple plan of advancing on the kingside, and in practice Lutz found it
impossible to create counterplay.} a5 29. Qf2 Bxe4 30. Rxe4 Rb7 31. Qe2 Qb5 32.
Rd3 Rbb8 33. f4 $1 {The bishop will soon be forced backwards.} Kg8 34. g5 Bd8
35. Re5 Qa6 36. Qe4 Rb6 37. Red5 Rc6 38. h6 a4 (38... g6 {is unsuccessful in
blocking things up after} 39. f5 $1) 39. hxg7 axb3+ 40. Kxb3 $1 {Bravely
covering c4.} (40. Rxb3 $2 Kxg7 41. Rh3 Qc4+ {would throw everything away.})
40... Kxg7 41. Rh3 {Now there is no defence against White's threats.} Rg8 (
41... Rh8 {loses quickly after} 42. Qd4+ f6 43. gxf6+ Bxf6 44. Rg5+ Kf7 45.
Qd5+ Kf8 46. Rxh8+ Bxh8 47. Rg8#) 42. Rh7+ Kf8 43. Rxf7+ $3 {Forcing mate.}
Kxf7 44. Qf5+ Kg7 45. Qxd7+ Kg6 46. Qe6+ (46. Qe6+ Kh5 47. Qh3+ Kg6 48. Qh6+
Kf7 49. Rf5+ Ke8 50. Qe6+ {is the winning sequence.}) 1-0